000 00334nam a2200121Ia 4500
008 190216s9999||||xx |||||||||||||| ||und||
100 _aDonal Hart Shuckett & Edward J Mock
245 0 _aDecision Strategies In Financial Management
260 _bDb.Taraporevala Sons &co
_c1973
300 _a243p
650 _aCommerce
942 _cBK
999 _c4367
_d4367